| 000 | 01643nam a22002537a 4500 | ||
|---|---|---|---|
| 005 | 20150713105009.0 | ||
| 010 | _aENG-113286 | ||
| 020 |
_c795.00 _a9789351501428 |
||
| 035 | _aEN-96818 | ||
| 037 | _bDBAD/PUB | ||
| 082 | _a809.93358 | ||
| 100 | _aMalreddy, Pavan Kumar | ||
| 245 |
_aOrientalism, terrorism, indigenism : _cby Pavan Kumar Malreddy _bSouth Asian reading in postcolonialism / |
||
| 260 |
_aNew Delhi _bSAGE Publications _c2015 |
||
| 270 |
_aB-1/1-1, Mohan Cooperative Industrial Area, Mathura Raod, _bNew Delhi _e110044 |
||
| 300 |
_axxxiv,169p. _c22cm(Hb) |
||
| 500 | _aIncludes bibliographical references and index | ||
| 505 | _aSection I. Discourses: orientalism, terrorism, and popular culture -- Orientalism(s) after 9/11 -- Imagining the terrorist: a post-orientalist inquiry -- "Pulp orientalism": representations of Afghanistan and Pakistan in popular fiction -- Section II. Disjunctures: humanism and interdisciplinarity -- After orientalism: difference and disjuncture in postcolonial theory -- Postcolonialism: interdisciplinary or interdiscursive? -- Section III. Indigenism(s): cosmopolitanism, rights, and cultural politics -- Cosmopolitanism within: the case of R.K. Narayan’s fictional Malgudi -- (An)other way of being human: indigenous alternatives to postcolonial humanism -- Margins of India: Kancha Ilaiah’s "nationalogues". | ||
| 650 | _aPostcolonialism in literature. | ||
| 650 | _a Orientalism in literature. | ||
| 650 | _aTerrorism in literature. | ||
| 650 |
_a South Asian literature _y21st century _x History and criticism. |
||
| 942 |
_2ddc _cEN _mMAL _h809.93358 |
||
| 999 |
_c94287 _d94287 |
||